[Event "CEDIS Festival saha 2024 - 4. turnir"]
[Site "Podgorica"]
[Date "2024.09.08"]
[Round "5.1"]
[White "Sekulic, Nikola"]
[Black "Djukanovic, Sreten"]
[Result "1/2-1/2"]
[WhiteElo "1945"]
[BlackElo "2115"]
[PlyCount "57"]
[EventDate "2024.09.06"]
[EventType "swiss"]
[EventRounds "5"]
[EventCountry "MNE"]
[SourceVersionDate "2024.09.08"]

1. e4 c5 2. Nf3 d6 3. d4 cxd4 4. Nxd4 Nf6 5. Nc3 a6 6. Bc4 e6 7. Be3 Nc6 8. f3
Qc7 9. Bb3 Na5 10. Qd2 Be7 11. g4 Nc4 12. Bxc4 Qxc4 13. h4 b5 14. a4 b4 15. Qe2
Qc7 16. Nd1 d5 17. g5 Nh5 18. exd5 e5 19. Qh2 Bd6 20. Nc6 O-O 21. O-O f5 22. a5
f4 23. Bb6 Qf7 24. c4 Ng3 25. Re1 Qh5 26. Kf2 Nf5 27. Qh1 Ng3 28. Qh2 Nf5 29.
Qh1 1/2-1/2

[Event "CEDIS Festival saha 2024 - 4. turnir"]
[Site "Podgorica"]
[Date "2024.09.08"]
[Round "5.2"]
[White "Abramovic, Dragoljub"]
[Black "Sijaric, Alvir"]
[Result "0-1"]
[WhiteElo "2038"]
[BlackElo "1889"]
[PlyCount "90"]
[EventDate "2024.09.06"]
[EventType "swiss"]
[EventRounds "5"]
[EventCountry "MNE"]
[SourceVersionDate "2024.09.08"]

1. d4 d5 2. e3 Nf6 3. Bd3 c5 4. c3 Nc6 5. f4 cxd4 6. exd4 g6 7. Ne2 h5 8. O-O
Bf5 9. Ng3 Bxd3 10. Qxd3 h4 11. Ne2 e6 12. Nd2 a6 13. Nf3 Bd6 14. Ne5 Ne7 15.
Be3 Kf8 16. Rad1 Kg7 17. Nc1 b5 18. a3 Nf5 19. Nb3 Qc7 20. Nc5 Bxc5 21. dxc5
Ne4 22. b4 f6 23. Ng4 Rhf8 24. Bd4 Rae8 25. Be3 Qc6 26. Bd4 Qc7 27. Ra1 Qc6 28.
Ra2 Ra8 29. Rfa1 a5 30. a4 Rfb8 31. axb5 Rxb5 32. bxa5 Ra6 33. h3 Rb3 34. Re2
Nfg3 35. Ree1 Rb5 36. Kh2 Rbxa5 37. Rab1 Qc7 38. Kg1 Ra2 39. Qb5 Rc6 40. Ra1
Rxa1 41. Rxa1 Nh5 42. Ra6 Rxa6 43. Qxa6 Nxc5 44. Qa8 Ne4 45. Qe8 Nxf4 0-1

[Event "CEDIS Festival saha 2024 - 4. turnir"]
[Site "Podgorica"]
[Date "2024.09.08"]
[Round "5.3"]
[White "Abdovic, Daris"]
[Black "Zivkovic, Slaven"]
[Result "0-1"]
[WhiteElo "1554"]
[BlackElo "1914"]
[PlyCount "96"]
[EventDate "2024.09.06"]
[EventType "swiss"]
[EventRounds "5"]
[EventCountry "MNE"]
[SourceVersionDate "2024.09.08"]

1. d4 Nf6 2. c4 e6 3. Nc3 Bb4 4. Bd2 O-O 5. a3 Be7 6. e3 d5 7. cxd5 exd5 8. Bd3
Nbd7 9. Nf3 c5 10. Bb1 Re8 11. O-O Nf8 12. Re1 Bg4 13. dxc5 Bxc5 14. Bd3 d4 15.
exd4 Rxe1+ 16. Bxe1 Bxd4 17. h3 Bxf3 18. Qxf3 Ne6 19. Rb1 Nc5 20. Bc2 Qe7 21.
b4 Ne6 22. Ne4 Rc8 23. Nxf6+ Bxf6 24. Qe4 g6 25. Bb3 Qd7 26. Bxe6 fxe6 27. Rb3
Qd5 28. Re3 Kf7 29. Qxd5 exd5 30. Kf1 Rc1 31. Ke2 Ra1 32. Rb3 Ra2+ 33. Kd3 Ke6
34. Ke3 Bb2 35. Bc3 Bxa3 36. Bd4 Kf5 37. Bxa7 Bc1+ 38. Kd4 Rxa7 39. Kxd5 Ra2
40. Rf3+ Kg5 41. Rf7 h5 42. g3 Rd2+ 43. Kc5 Rxf2 44. Rxb7 Rf3 45. h4+ Kf5 46.
Rf7+ Kg4 47. Rg7 Rf6 48. b5 Kxg3 0-1

[Event "CEDIS Festival saha 2024 - 4. turnir"]
[Site "Podgorica"]
[Date "2024.09.08"]
[Round "5.4"]
[White "Koprivica, Andrija"]
[Black "Vesovic, Nebojsa"]
[Result "0-1"]
[WhiteElo "1699"]
[BlackElo "1837"]
[PlyCount "62"]
[EventDate "2024.09.06"]
[EventType "swiss"]
[EventRounds "5"]
[EventCountry "MNE"]
[SourceVersionDate "2024.09.08"]

1. e4 c6 2. d4 d5 3. e5 Bf5 4. Be3 e6 5. Bd3 Ne7 6. Nf3 Bxd3 7. Qxd3 h6 8. c3
Nf5 9. Nbd2 Nd7 10. Nf1 Nxe3 11. Nxe3 Be7 12. h3 Qb6 13. O-O Nf8 14. b4 Ng6 15.
Nh2 Nf4 16. Qd1 h5 17. Qf3 Ng6 18. Qg3 O-O-O 19. f4 Bh4 20. Qf3 Be7 21. f5 Nh4
22. Qf2 Bg5 23. fxe6 fxe6 24. Nf3 Rdf8 25. Qe2 Nxf3+ 26. Rxf3 Rxf3 27. Qxf3 Qb5
28. Nf1 Qc4 29. a4 Kd7 30. Qf7+ Be7 31. Ra3 Rf8 0-1

[Event "CEDIS Festival saha 2024 - 4. turnir"]
[Site "Podgorica"]
[Date "2024.09.08"]
[Round "5.7"]
[White "Sorochenkova, Margarita"]
[Black "Peric, Toman"]
[Result "1-0"]
[WhiteElo "1564"]
[BlackElo "1575"]
[PlyCount "97"]
[EventDate "2024.09.06"]
[EventType "swiss"]
[EventRounds "5"]
[EventCountry "MNE"]
[SourceVersionDate "2024.09.08"]

1. e4 e5 2. Nf3 Nc6 3. Bb5 d6 4. d4 exd4 5. Nxd4 Bd7 6. Nxc6 Bxc6 7. Bxc6+ bxc6
8. Nc3 g6 9. O-O Bg7 10. Ne2 Nf6 11. Re1 O-O 12. Ng3 Re8 13. Bf4 Rb8 14. Rb1
Nd7 15. c3 Ne5 16. Bxe5 Bxe5 17. a3 Qg5 18. Qa4 h5 19. Qxa7 h4 20. Nf1 h3 21.
g3 Qg4 22. Qe3 Re6 23. f3 Qh5 24. Qe2 Qg5 25. Qf2 Rf6 26. Ne3 Qh5 27. f4 Re8
28. Qe2 Qh6 29. Ng4 Qg7 30. Nxf6+ Bxf6 31. Qg4 Qh6 32. a4 g5 33. a5 Kh7 34.
Qf5+ Kg7 35. Rf1 gxf4 36. Qxf4 Qg6 37. Qf5 Qh6 38. Rf4 Re7 39. Rg4+ Kf8 40. Qf4
Qh8 41. a6 Re8 42. Rf1 Bd4+ 43. cxd4 Qxd4+ 44. Kh1 Qc4 45. Qh6+ Ke7 46. Qf6+
Kd7 47. Qxf7+ Qxf7 48. Rxf7+ Kc8 49. Rgg7 1-0